000 00503nam a2200181Ia 4500
999 _c21687
_d21687
003 OSt
005 20201113095934.0
008 190216s9999||||xx |||||||||||||| ||und||
020 _a817234080
040 _coclc
082 _a823.09
_bVER/M
100 _a Verma, Chob Singh
_96305
245 0 _aMughal Romance /
_cChob Singh Verma
260 _bPrakash Book Depot,
_c2007.
_aNew delhi:
300 _a179p
650 _aHistory
942 _cBK
_2ddc
_h823.09
_iVER/M
_k823.09
_mVER/M